00921nam a2200253 a 450000100060000000300080000600500170001400800410003103500190007204000310009104100110012208200220013310000420015524501080019726000420030530000330034749000330038050000190041365000290043283000400046194200120050199900170051395201370053072322BD-RjUL20211209082239.0170516s1959 caua 001 0 eng  a(BD-RjUL)72539 aDLC/ICUcICUdBD-RjULbeng1 aengdut00a548223bJOG 19591 aJong, Wieger Fokke de,d1896-921386410aGeneral crystallography :ba brief compendium /cW. F. de Jong and With the collaboration of J. Bouman. aSan Francisco :bW.H. Freeman,c1959. aix, 281 p. :bill. ;c23 cm.1 aA Series of books in geology aIncludes index 0aCrystallography.9213865 0aSeries of books in geology.9213869 2ddccBK c72322d72322 00102ddc40718NFICaRUCLbRUCLcReadingd1964-05-09eZeitlingerg38.00l0o548 JOG 1959r2017-05-16 00:00:00tC-1w2017-05-16yBK